000 01377cam a2200457 4500
003 PE-LiUPU
005 20250731184601.0
020 _a8424903064
035 _a(Sirsi) i9788424903060
035 _a(Sirsi) 15339
035 _a(Sirsi) 15339
041 _aes
044 _aes
082 0 4 _a930
_bG95
100 1 _aArriano
245 1 0 _aAnábasis de Alejandro Magno :
_blibros IV-VIII (India) /
_cArriano.
264 1 _aMadrid :
_bEditorial Gredos,
_c1982
300 _a339 páginas :
_bilustraciones ;
_c20 cm.
490 0 _aBiblioteca Clásica Gredos
_v50
505 0 _aAnábasis de Alejandro Magno: libros IV -- VIII (India)
526 _aP136
526 _aP135
526 _aP134
526 _aP133
526 _aP144
526 _aP143
526 _aP87
526 _aP35
526 _aP20
526 _aP14
526 _aP10
526 _aP06
600 0 4 _aAlejandro Magno
_vBiografías
651 4 _aGrecia
_xHistoria
_y359-323 a.C. (Expansión macedónica).
942 _2ddc
_cBOOK
949 _a930 G95
_i28088
_lCCODEBUL1
_mBUL
_tLIBRO
_o.STAFF. Circulación
859 _q28088
_h930
_iG95
910 _aaj-em
596 _a1
999 _a930 G95
_wDEWEY
_c55160
_i28088
_f2021-11-8
_g5
_lCCODEBUL1
_mBUL
_r0
_sY
_tBOOK
_u2015-4-23
_xBIBLIOTECA
_PP20
_0COMPRA
_o.STAFF. Colección General
_d55160
980 _81
_gALBERTO SANCHEZ Responsable de Automatización